Statistics for Boston Trivia

Click here to take the quiz!

General Stats

  • This quiz has been taken 10,822 times
    (7,693 since last reset)
  • The average score is 15 of 23

Answer Stats

Clue Answer % Correct
"Party" that took place in 1773Boston Tea Party
99%
Ivy League schoolHarvard
94%
Suburb famous for witch trialsSalem
93%
Sporting event that attracts
500,000 spectators each year
Boston
{Marathon}
83%
Most common European ancestryIrish
83%
NBA teamCeltics
78%
Popular beer brand named
for a founding father
Sam Adams
77%
NFL teamPatriots
75%
Popular 1980s sitcom set in BostonCheers
74%
Baseball stadiumFenway
74%
Battle fought on June 17th, 1775Battle of
{Bunker} Hill
72%
Boston's most famous nickname{Bean}town
72%
Rock band that sang "Walk This Way"Aerosmith
66%
Event that killed Crispus Attucks
and four others
Boston
{Massacre}
59%
Oldest public park in the United StatesBoston {Common}
57%
International airportLogan
55%
Daily newspaper (non-tabloid)Boston Globe
53%
Red brick path leading to
historical sights
{Freedom} Trail
42%
Founding father for whom
Boston's tallest building is named
John Hancock
41%
Ship called "Old Ironsides" even
though its built of wood
USS Constitution
39%
Major riverCharles
39%
Tunnel project famous for
being over budget
Big Dig
29%
Variety of bowling played in BostonCandlepin
24%

Score Distribution

Percentile by Number Answered

Percent of People with Each Score

Your Score History

You have not taken this quiz since the last reset